| 000 | 00539 a2200169 4500 | ||
|---|---|---|---|
| 999 |
_c7775 _d7775 |
||
| 010 | _aENG-88218 | ||
| 020 |
_a8184500271 _c570.00 |
||
| 035 | _aEN-71751 | ||
| 037 | _bDBAD / PUB | ||
| 082 | 1 | 4 | _a344.54023 |
| 100 | 1 | _aGupta, Meenakshi | |
| 245 | 1 |
_aLabour welfare and social security in unorganised sector / _cby Meenakshi Gupta |
|
| 260 |
_aNew Delhi _bDeep & Deep Publications _c2007 |
||
| 270 |
_aF-159, Rajouri Garden, _bNew Delhi _e110 027 |
||
| 300 |
_a174 p. _c21 cm (Hb) |
||
| 942 |
_adpl _cEN _2ddc _h344.54023 _mHAY |
||